| 000 | 00372nam a22001217a 4500 | ||
|---|---|---|---|
| 082 | _a332.1095491 | ||
| 100 | _aState Bank of Pakistan | ||
| 245 |
_aBanking Statistics of Pakistan 2009 _cState Bank of Pakistan |
||
| 260 |
_aKarachi _bStatistics and data warehouse Deptt _c2009 |
||
| 300 | _a522p | ||
| 942 |
_2ddc _cBK |
||
| 999 |
_c586121 _d586121 |
||